Σχεδιασμός και υλοποίηση διαδικτυακού τόπου για την προβολή και αξιολόγηση, των οργανωμένων περιπατητικών διαδρομών της Λέσβου : μεταπτυχιακή διατριβή

Αποθηκεύτηκε σε:
Λεπτομέρειες βιβλιογραφικής εγγραφής
Κύριος συγγραφέας: Μπαντά, Αγγέλα
Συγγραφή απο Οργανισμό/Αρχή: Πανεπιστήμιο Αιγαίου. Σχολή Κοινωνικών Επιστημών. Τμήμα Πολιτισμικής Τεχνολογίας και Επικοινωνίας. Πρόγραμμα Μεταπτυχιακών Σπουδών Πολιτισμική Πληροφορική και Επικοινωνία
Άλλοι συγγραφείς: Παυλογεωργάτος, Γεράσιμος Δ. (Εισηγητής διατριβής)
Μορφή: Thesis Βιβλίο
Γλώσσα:Greek
Δημοσίευση: 2011
Θέματα:
Διαθέσιμο Online:http://hdl.handle.net/11610/16064
Ετικέτες: Προσθήκη ετικέτας
Δεν υπάρχουν, Καταχωρήστε ετικέτα πρώτοι!

MARC

LEADER 00000cam a2200000 i 4500
001 1/20970
008 120621s2011 gre d
035 |l 10112797 
040 |a GR-MY-UA  |b gre  |e aacr 
041 0 |a gre 
082 0 |a 006  |2 (22) 
100 1 |a Μπαντά, Αγγέλα. 
245 1 0 |a Σχεδιασμός και υλοποίηση διαδικτυακού τόπου για την προβολή και αξιολόγηση, των οργανωμένων περιπατητικών διαδρομών της Λέσβου :  |b μεταπτυχιακή διατριβή /  |c Μπαντά Αγγέλα ; επιβλέπων καθηγητής: Γεράσιμος Παυλογεωργάτος, συνεπιβλέποντες: Γαβαλάς Δαμιανός, Σαμπανίκου Ευαγγελία 
260 |c 2011 
300 |a 140 σ.;  |b εικ.;  |c 30 εκ. 
500 |a Βιβλιογραφία: σ. 79-84, παράρτημα 
502 |a Διατριβή (μεταπτυχιακή) – Πανεπιστήμιο Αιγαίου, Λέσβος, 2011. 
650 0 0 |a Web sites  |x Design  |x Case studies. 
650 0 0 |a Web site development. 
650 0 0 |a Nature trails  |z Greece  |z Lesbos Island. 
650 0 0 |a Dissertations, Academic  |z Greece. 
700 1 |4 ths  |a Παυλογεωργάτος, Γεράσιμος Δ. 
710 2 |a Πανεπιστήμιο Αιγαίου.   |b Σχολή Κοινωνικών Επιστημών.   |b Τμήμα Πολιτισμικής Τεχνολογίας και Επικοινωνίας.   |b Πρόγραμμα Μεταπτυχιακών Σπουδών Πολιτισμική Πληροφορική και Επικοινωνία. 
852 |a INST  |b LESVOS  |c DIATR  |e 20120621  |h 395  |p 005100052290  |q 005100052290  |t MTXE  |y 23 
852 |a INST  |b LESVOS  |c DIATR  |e 20120621  |h 396  |p 005100052289  |q 005100052289  |t MTXE  |y 23 
856 |u http://hdl.handle.net/11610/16064 
901 |a BIBL1-2012-2 
909 |a Λ  |b 174995 
909 |a Λ  |b 175000 
924 |a ΜΠΑΝΤΑ  |b ΑΓΓΕΛΑ  |y ΛΕΣΒΟΣ  |z 2011-04 
970 |a ΤΖΑΦΕΡΗ  |b ΕΥΑΓΓΕΛΙΑ  |z 2012/06/21